| 000 | 01156cam a2200337 i 4500 | ||
|---|---|---|---|
| 999 |
_c29148 _d29119 |
||
| 001 | 17056192 | ||
| 003 | EG-ScBUE | ||
| 005 | 20210601110540.0 | ||
| 008 | 111123t2013 maua f 000 0 eng d | ||
| 020 | _a9781133190011 | ||
| 020 | _a1133190014 | ||
| 040 |
_aDLC _beng _erda _cDLC _dEG-ScBUE |
||
| 082 | 0 | 4 |
_a004 _bMOR _222 |
| 100 | 1 |
_aMorley, Deborah, _eauthor. |
|
| 245 | 1 | 0 |
_aUnderstanding computers : _btoday and tomorrow / _cDeborah Morley, Charles S. Parker. |
| 250 | _aFourteen Edition comprehensive. | ||
| 264 | 1 |
_aBoston, MA : _bCourse Technology, Cengage Learning, _c[2013] |
|
| 264 | 4 | _cc2013 | |
| 300 |
_axxiii, 679, 17, 31 pages : _bcolor illustrations ; _c28 cm |
||
| 336 |
_atext _2rdacontent _btxt |
||
| 337 |
_aunmediated _2rdamedia _bn |
||
| 338 |
_avolume _2rdacarrier _bnc |
||
| 650 | 7 |
_aComputers. _2BUEsh |
|
| 650 | 7 |
_aElectronic data processing. _2BUEsh |
|
| 653 |
_bCOMSCI _cJune2021 |
||
| 655 |
_vReading book _934232 |
||
| 700 | 1 |
_aParker, Charles S., _d1945- _eauthor. |
|
| 906 |
_a7 _bcbc _corignew _d2 _eepcn _f20 _gy-gencatlg |
||
| 942 |
_2ddc _cBB |
||